000 00935pam a2200289 a 4500
001 38248
003 (BD-RjUL)
005 20211209052746.0
008 950818s1995 nyua b 001 0 eng
020 _a8170296943
035 _a(BD-RjUL)
040 _aDLC
_c(BD-RjUL)
_dDLC
082 0 0 _a006.3
_220
_bRAC 1996
100 1 _aRao, Valluru.
_9118249
245 1 0 _aC++ neural networks and fuzzy logic /
_cValluru Rao & Hayagriva Rao.
246 1 4 _aC++ neural networks & fuzzy logic
250 _a2nd ed.
260 _aNew Delhi, india :
_bBPB Publications,
_cc1995 [reprint 1996].
300 _axxiv, 551 p. :
_bill. ;
_c24 cm.
504 _aIncludes bibliographical references and index.
650 0 _aNeural networks (Computer science)
_9118250
650 0 _aFuzzy systems.
_9118251
650 0 _aC++ (Computer program language)
_9117104
700 1 _aRao, Hayagriva V.
_9118252
942 _2ddc
_cBK
999 _c38248
_d38248